| 000 | 01352nam a22003737a 4500 | ||
|---|---|---|---|
| 003 | CHAP | ||
| 005 | 20220329140846.0 | ||
| 008 | 971013s1990 r 00010 d | ||
| 010 | _a58794 | ||
| 011 | _a59766 | ||
| 035 | _a63926 | ||
| 040 | _cCHAP | ||
| 090 | _aFolleto 14593 | ||
| 100 | 0 | 0 |
_aZamudio Nieto, Aureliano. _9123563 |
| 245 | _aMejoramiento genético del ganado bovino de doble propósito en el norte de Chiapas | ||
| 260 |
_aPichucalco, Chis. : _bINIFAP. Campo Experimental Pichucalco, _c1990 |
||
| 300 | _aHoja desplegable | ||
| 490 |
_aINIFAP. México. Campo Experimental Pichucalco _v; 1 |
||
| 590 |
_aBATCH-UPD _b10 _c20130109 _lUCH01 _h2330 |
||
| 590 |
_aBATCH-UPD _b10 _c20130110 _lUCH01 _h0200 |
||
| 590 |
_aBATCH-UPD _b10 _c20130110 _lUCH01 _h1301 |
||
| 590 |
_aBATCH-UPD _b10 _c20130409 _lUCH01 _h1856 |
||
| 590 |
_aBATCH-UPD _b10 _c20130409 _lUCH01 _h2354 |
||
| 590 |
_aBATCH-UPD _b10 _c20130914 _lUCH01 _h1524 |
||
| 590 |
_aCONVERSION _b10 _c20130109 _lUCH01 _h1332 |
||
| 650 | 1 | 4 |
_aGanado vacuno _xChiapas. _945442 |
| 650 | 1 | 4 |
_aGanado vacuno _xMejoramiento. _945480 |
| 700 | 0 |
_aMejía Estrada, Félix. _974255 |
|
| 700 | 0 |
_aVázquez Espadas, José E. _9120347 |
|
| 830 | 0 |
_aINIFAP. México. Campo Experimental Pichucalco _v; 1 _958763 |
|
| 901 | _aBK | ||
| 942 | _cFOLL | ||
| 949 |
_aFolleto 14593 _bBC _cFOLL _d-138363 _eTS1 _i63926 _si |
||
| 999 |
_c58794 _d58794 |
||